Countries Most Similar To Nepal - Statistics

General Stats
  • This quiz has been taken 136 times
  • The average score is 9 of 20
Answer Stats
Rank Country Score % Correct
1 India 71.6
97%
3 Pakistan 60.8
90%
2 Bhutan 68.5
89%
4 Bangladesh 60.1
78%
6 Myanmar 58.4
74%
5 Sri Lanka 58.5
72%
10 Afghanistan 53.7
68%
7 Laos 57.7
65%
8 Cambodia 54.9
58%
20 Indonesia 51.6
47%
14 Tajikistan 52.1
46%
9 Kyrgyzstan 54
43%
17 East Timor 51.8
13%
15 Ethiopia 52
10%
16 Tanzania 51.9
5%
18 Albania 51.7
4%
11 Lesotho 53.2
2%
13 Madagascar 52.2
2%
19 Zambia 51.6
2%
12 Malawi 52.5
0%
No matching quizzes found
Score Distribution
Percent of People with Each Score
Percentile by Number Answered
Your Score History
You have not taken this quiz